Gminy powiatu Dębickiego - Statystyki

Ogólne statystyki
  • Ten quiz został rozwiązany 55 razy
  • Średni wynik to 4 z 6
Statystyki odpowiedzi
Gmina % Poprawnych
Dębica
96%
Pilzno
74%
Brzostek
56%
Czarna
56%
Żyraków
48%
Jodłowa
41%
Nie znaleziono quizów pasujących do podanych kryteriów
Rozkład punktacji
Procent ludzi z każdym wynikiem
Percentyl według liczby udzielonych odpowiedzi
Twoja historia wyników
Nie rozwiązałeś tego quizu